000 00689nam a2200241Ia 4500
003 OSt
005 20221005131122.0
006 a|||||r|||| 00| 0
007 ta
008 221004b |||||||| |||| 00| 0 eng d
024 _a70839
037 _cTextual
040 _aCRL
_cCRL
_beng
041 _2eng
_aeng
082 _aY1:3S5.73, J5
100 _aHimelhoch Jerome
_9639123
245 0 _aSexual behavior in American society
_b An appraisal of the first two kinsey reports
260 _c1955
650 _aSOCIOLOGY
700 _a Fava Sylvia Fleis
_9316727
942 _hY1:3S5.73, J5
_cTEXL
_2cc
999 _c1059386
_d1059386